00516nam a2200181Ia 450000500170000000800410001704000190005804100120007708200140008924500660010326000280016930000120019744000240020950400500023365000200028370000210030385000100032420230824115401.0131103s9999 xx 000 0 und d aLoreto College aEnglish a200 bHUM aHume on Religioncselected and introduced by Richard Wollheim a[s.l.]bCollinsc18 cm. a287 p.  aThe Fontana Library aIncludes bibliographical references and index aHume - Religion aWollheim,Richard aLCLIB